书目信息 |
| 书名: | Finding the Right Words | |
| 作者: | J.BEVERLY DANIEL | |
| 分册号: | ||
| 分册名: | 出版地: | New York |
|
| 出版社: | POCKET BOOKS | |
| 出版时间: | 2003 | |
| 页数: | 129p | |
| 开本: | 15cm | |
| 丛书名: | ||
| 中图分类号: | ||
| 科图分类号: | ||
| 其他分类号: | H313.3 | |
| 主题词: | ||
| 电子资源: | ||
| 000 | 00512nam0 2200193 450 | |
| 001 | 052012178017 | |
| 005 | 20121127160825.0 | |
| 008 | 20021229d1997 em y0chiy0121 ea | |
| 020 | @a978-0-7434-7719-2@bhard@c$9.95 | |
| 041 | @aeng | |
| 091 | @aH313.3 | |
| 099 | @dH313.3@eJ111 | |
| 100 | @aJ.BEVERLY DANIEL | |
| 245 | 10 | @aFinding the Right Words @cJ.BEVERLY DANIEL |
| 260 | @aNew York@bPOCKET BOOKS@c2003 | |
| 300 | @a129p@c15cm | |
| 521 | @aFinding the Right Words | |
| 905 | @b12920 | |
| 905 | @aTSG@dH313.3@eJ111 | |
| Finding the Right Words / J.BEVERLY DANIEL.-New York : POCKET BOOKS , 2003 |
| 129p ; 15cm |
| Finding the Right Words |
| ISBN 978-0-7434-7719-2hard$9.95 |
| ● |
| 相关链接 |
|
|
|
正题名:Finding the Right Words
索取号:H313.3/J111
 
预约/预借
| 序号 | 登录号 | 条形码 | 馆藏地/架位号 | 状态 | 备注 |
| 1 | 12920 | 300129206 | 语言库209/209语言库 34排2列1层/ [索取号:H313.3/J111] | 在馆 |